Formando comunicadores /

Analiza la evolución histórica de la Escuela de Comunicación Colectiva de la Universidad de Costa Rica, en sus 25 años de existencia. Se plantea la hipótesis de que la Escuela llegó a su madurez y debe de replantearse su existencia, sus planes de estudio, objetivos, intereses y otros aspectos, a fin...

Повний опис

Збережено в:
Бібліографічні деталі
Автор: Vega Jiménez, Patricia
Формат: Текст
Предмети:
Теги: Додати тег
Немає тегів, Будьте першим, хто поставить тег для цього запису!

MARC

LEADER 00000 a a2200000 04500
001 15018
003
040
100 |a Vega Jiménez, Patricia  
245 |a Formando comunicadores /  |c Patricia Vega Jiménez  
520 |a Analiza la evolución histórica de la Escuela de Comunicación Colectiva de la Universidad de Costa Rica, en sus 25 años de existencia. Se plantea la hipótesis de que la Escuela llegó a su madurez y debe de replantearse su existencia, sus planes de estudio, objetivos, intereses y otros aspectos, a fin de adecuarse a la nueva coyuntura nacional e internacional. Se emplean como fuentes las Actas del Consejo Universitario de 1967-1992 que se refieren directa o indirectamente a la Escuela de Comunicación Colectiva, los registros del Colegio de periodistas de Costa Rica, desde su creación hasta la actualidad, los archivos de la Escuela de Comunicación, además de periódicos y entrevistas con periodistas con más de treinta años de ejercer. Dentro de las metas de la Escuela se cita concientizar al costarricense de la importancia de los recursos naturales y su utilización, además de adquirir un mayor compromiso con el desarrollo social, económico y político de la sociedad costarricense en particular, centroamericana y mundial. OB/LOB  
650 |a HISTORIA  
650 |a MEDIOS DE COMUNICACION DE MASAS  
650 |a PERIODISMO  
650 |a UNIVERSIDADES  
650 |a PERIODISTAS  
650 |a FORMACION PROFESIONAL  
650 |a ENSEÑANZA SUPERIOR  
650 |a PUB.IIS  
773 |g número 64; páginas 69-83  
999 |c 20691  |d 20691